Normal view
MARC view
- Nonviolence. Arab countries -- Politics and govwenment --1945
Entry Topical Term
001 - CONTROL NUMBER
- control field: 2967
003 - CONTROL NUMBER IDENTIFIER
- control field: JO-AjAnu
005 - DATE AND TIME OF LATEST TRANSACTION
- control field: 20230606070805.0
008 - FIXED-LENGTH DATA ELEMENTS
- fixed length control field: 230606|| aca||aabn | a|a d
040 ## - CATALOGING SOURCE
- Original cataloging agency: JO-AjAnu
- Transcribing agency: JO-AjAnu
150 ## - HEADING--TOPICAL TERM
- Topical term or geographic name entry element: Nonviolence. Arab countries -- Politics and govwenment --1945
670 ## - SOURCE DATA FOUND
- Source citation: Work cat.: (JO-AjAnu)1554: Ibrahim, Saad Eddin. Editor.Grant، philip,Editor,Ibrahim,saad Eddin,Editor , author 2966, Arab nonviolent political struggle in the Middle East